Southville International School and Colleges
Your cart is empty.
  • Cart
  • Lists
    Public lists Eva Luna New books Lux_list list_1
    Your lists Log in to create your own lists
  • Log in to your account
  • Your cookies
  • Search history
Southville International School and Colleges
  • Advanced search
  • Recent comments
  • Most popular
  • Libraries

Log in to your account

Log in with GOOGLE


If you do not have an external account, but do have a local account, you can still log in:

  1. Home
  2. MARC view: Predictive modeling with SAS enterprise miner :
Normal view MARC view ISBD view

Predictive modeling with SAS enterprise miner : (Record no. 291528)

[ view plain ]
MARC details
000 -LEADER
fixed length control field 00627nam a22001937a 4500
003 - CONTROL NUMBER IDENTIFIER
control field PILC
005 - DATE AND TIME OF LATEST TRANSACTION
control field 20160309180936.0
008 - FIXED-LENGTH DATA ELEMENTS--GENERAL INFORMATION
fixed length control field 160309b xxu||||| |||| 00| 0 eng d
020 ## - INTERNATIONAL STANDARD BOOK NUMBER
International Standard Book Number 9781607647676
050 ## - LIBRARY OF CONGRESS CALL NUMBER
Classification number QA 276.45.S27
Item number .Sa246 2016
100 ## - MAIN ENTRY--PERSONAL NAME
Personal name Sarma, Kattamuri S.
245 ## - TITLE STATEMENT
Title Predictive modeling with SAS enterprise miner :
Remainder of title practical solutions for business applications /
Statement of responsibility, etc Kattamuri S. Sarma.
250 ## - EDITION STATEMENT
Edition statement 2nd edition.
260 ## - PUBLICATION, DISTRIBUTION, ETC. (IMPRINT)
Place of publication, distribution, etc USA :
Name of publisher, distributor, etc SAS,
Date of publication, distribution, etc 2016.
300 ## - PHYSICAL DESCRIPTION
Extent xxii, 478 pages :
Other physical details illustrations ;
Dimensions 28 cm.
500 ## - GENERAL NOTE
General note Includes index.
650 ## - SUBJECT ADDED ENTRY--TOPICAL TERM
Topical term or geographic name as entry element SAS (Computer program language).
942 ## - ADDED ENTRY ELEMENTS (KOHA)
Source of classification or shelving scheme Library of Congress Classification
Koha item type Books
Holdings
Withdrawn status Lost status Source of classification or shelving scheme Damaged status Home library Current library Shelving location Date acquired Source of acquisition Sub Shelving location Total Checkouts Full call number Barcode Date last seen Price effective from Koha item type
    Library of Congress Classification   College Library College Library Reserve Section 03/09/2016 Library Fund     QA 276.45.S27 .Sa246 2016 C20448 05/15/2018 03/09/2016 Books

Predictive modeling with SAS enterprise miner :

APA

Sarma K. S., . (2016). Predictive modeling with SAS enterprise miner. USA: SAS.

Chicago

Sarma Kattamuri S, . 2016. Predictive modeling with SAS enterprise miner. USA: SAS.

Harvard

Sarma K. S., . (2016). Predictive modeling with SAS enterprise miner. USA: SAS.

MLA

Sarma Kattamuri S, . Predictive modeling with SAS enterprise miner. USA: SAS. 2016.

  • Place hold
  • Print
  • Cite
  • Add to your cart (remove)
  • Save record
    BIBTEX Dublin Core MARCXML MARC (non-Unicode/MARC-8) MARC (Unicode/UTF-8) MARC (Unicode/UTF-8, Standard) MODS (XML) RIS
  • More searches
    Search for this title in:
    Other Libraries (WorldCat) Other Databases (Google Scholar) Online Stores (Bookfinder.com) Open Library (openlibrary.org)

Exporting to Dublin Core...

SOUTHVILLE LIBRARY

Southville International School and Colleges Library

1281 Tropical Ave. Cor. Luxembourg St., BF Homes International, Las Pinas City

Tel. No. 8256374 / 252358 Loc. 117/146

Powered by Koha